Champions of peace : (Record no. 134061)

MARC details
000 -LEADER
fixed length control field 00681nam a22002297a 4500
005 - DATE AND TIME OF LATEST TRANSACTION
control field 20170124110220.0
010 ## - LIBRARY OF CONGRESS CONTROL NUMBER
LC control number 936859
020 ## - INTERNATIONAL STANDARD BOOK NUMBER
Terms of availability 00.00
International Standard Book Number 084670143
035 ## - SYSTEM CONTROL NUMBER
System control number 936859
037 ## - SOURCE OF ACQUISITION
Source of stock number/acquisition Cen Lib/Ret
040 ## - CATALOGING SOURCE
Original cataloging agency DPL
Language of cataloging EN
082 ## - DEWEY DECIMAL CLASSIFICATION NUMBER
Classification number 920
Item number GRA
100 ## - MAIN ENTRY--PERSONAL NAME
Personal name Gray, Tony
9 (RLIN) 39675
245 ## - TITLE STATEMENT
Title Champions of peace :
Statement of responsibility, etc by Tony Gray
Remainder of title the story of Alfred Nobel, the peace prize and the laureates /
246 ## - VARYING FORM OF TITLE
Remainder of title
260 ## - PUBLICATION, DISTRIBUTION, ETC. (IMPRINT)
Name of publisher, distributor, etc Paddington press
Date of publication, distribution, etc 1976
Place of publication, distribution, etc England
270 ## - ADDRESS
City England
300 ## - PHYSICAL DESCRIPTION
Extent 320p.:
Dimensions 25cm(Hb)
Other physical details ill.
500 ## - GENERAL NOTE
General note Includes bibliographical references and index
650 ## - SUBJECT ADDED ENTRY--TOPICAL TERM
Topical term or geographic name as entry element Biography
9 (RLIN) 7490
942 ## - ADDED ENTRY ELEMENTS (KOHA)
Source of classification or shelving scheme Dewey Decimal Classification
Koha item type English Books
Classification part 920
Call number suffix GRA
Holdings
Withdrawn status Lost status Damaged status Not for loan Collection code Home library Current library Date acquired Source of acquisition Cost, normal purchase price Total Checkouts Full call number Barcode Date last seen Copy number Cost, replacement price Price effective from Koha item type
      Not For Loan Reference Central Library Central Library 28/07/2015 Cen Lib/Ret 0.00   920 GRA 936859 28/07/2015 1 0.00 28/07/2015 English Books

© Delhi Public Library
Hit Counter
free hit counter